00678nam a2200145 a 4500008004100000050002400041100002100065245014400086260004400230300001000274350000900284995009400293999001700387952012800404101102s1989 ||||||||||||||||| || u aTHESIS/POSTGRADUATE aMukuka, Lawrence10aFormal education and the adoption of agricultural innovations among the Subsistence Citemene cultivators of the Northern Province of Zambia aBerkeleybUniversity of Califoriac1989 a135p. a0.00 D0.00FCBU-MAIN LIBRARY (Kitwe)H1I0.00M1UAVAILABLEWNov 2, 2010ZUniversity Collection c43815d43815 00102lcc4070a001b001cUniversity Collectiond2022-11-30l0oTHESIS/POSTGRADUATEp03007331r2022-11-30w2022-11-30y002